NR/SBR blends: preparation modes and properties (Record no. 64200)

MARC details
000 -LEADER
fixed length control field 00476nam a2200181Ia 4500
100 ## - MAIN ENTRY--AUTHOR NAME
Personal name Visconte L L Y
245 #0 - TITLE STATEMENT
Title NR/SBR blends: preparation modes and properties
260 ## - PUBLICATION, DISTRIBUTION, ETC. (IMPRINT)
Name of publisher Polimeros: Ciencia e Tecnologia
Year of publication 2001
300 ## - PHYSICAL DESCRIPTION
Number of Pages 76-81
500 ## - GENERAL NOTE
General note Source Year: 2001
650 ## - SUBJECT ADDED ENTRY--TOPICAL TERM
Topical Term NR/SBR blends
700 ## - ADDED ENTRY--PERSONAL NAME
Personal name Martins A F
700 ## - ADDED ENTRY--PERSONAL NAME
Personal name Nunes R C R
700 ## - ADDED ENTRY--PERSONAL NAME
Personal name Suarez J C M
856 ## - ELECTRONIC LOCATION AND ACCESS
Uniform Resource Identifier RAPRA.38(12)
942 ## - ADDED ENTRY ELEMENTS (KOHA)
Koha item type Journals
Holdings
Withdrawn status Lost status Damaged status Not for loan Home library Current library Shelving location Date acquired Serial Enumeration / chronology Koha item type
      Journals RRII Library RRII Library Rubber chemistry 01/01/2021 Volume 11, Issue 2 Journals